| 000 | 00437ntaaa2200181 4500 | ||
|---|---|---|---|
| 003 | 01 | ||
| 005 | 20251027201625.0 | ||
| 008 | 0714s1973 ag 01 | ||
| 040 |
_aAR-BaBN _bspa _cAR-BaBN _eaacr _dRIC |
||
| 082 | _a248.4000 P54p | ||
| 100 |
_aPhillips, J.B. _95833 |
||
| 245 | _aPlenitud para los hombres | ||
| 250 | _a1 ed. | ||
| 260 |
_aBuenos Aires : _bLa Palabra, _c1977 |
||
| 300 | _a110 p | ||
| 650 | _avida cristiana | ||
| 942 | _cBK | ||
| 999 |
_c10900 _d10900 |
||